TODAS las canciones de Charly García - Estadísticas

Estadísticas generales
  • Esta prueba ha sido intentada 57 veces
  • La puntuación promedio es 47 de 195
Estadísticas de respuestas
Disco Canción % Correcto
Yendo de la cama al living Yendo de la cama al living
97%
Piano Bar Piano Bar
85%
Influencia Influencia
82%
Clics modernos Nos siguen pegando abajo
79%
Clics modernos Ojos de video tape
79%
Piano Bar Demoliendo hoteles
77%
Clics modernos No me dejan salir
74%
Parte de la religión Parte De La Religión
74%
Clics modernos Los dinosaurios
72%
Cómo conseguir chicas Fanky
67%
Piano Bar Promesas sobre el bidet
67%
Clics modernos Nuevos trapos
64%
Parte de la religión Rap De Las Hormigas
64%
Parte de la religión Rezo Por Vos
62%
El aguante El Aguante
59%
Pubis Angelical Pubis Angelical
59%
Pubis Angelical Pubis Angelical (Vocal)
59%
Pubis Angelical Pubis Angelical (Vocal 2)
59%
Say No More Say No More
59%
Clics modernos Dos cero uno
56%
Filosofía barata y zapatos de goma Filosofía Barata Y Zapatos De Goma
56%
Parte de la religión No Voy En Tren
56%
Clics modernos Bancate ese defecto
54%
La Lógica Del Escorpión La Lógica Del Escorpión
54%
La hija de la lágrima Chipi-Chipi
51%
Clics modernos No soy un extraño
51%
Clics modernos Plateado sobre plateado (huellas en el mar)
51%
Tango 4 Tu Amor
51%
Piano Bar Cerca de la revolución
49%
Piano Bar Raros peinados nuevos
49%
Yendo de la cama al living Superhéroes
49%
Rock And Roll Yo Tango
49%
Filosofía barata y zapatos de goma De Mí
46%
Tango Hablando a tu corazón
46%
Yendo de la cama al living Inconsciente colectivo
46%
Rock And Roll Yo Rock And Roll Yo
46%
Piano Bar Total interferencia
46%
Parte de la religión Buscando Un Símbolo De Paz
44%
Parte de la religión Necesito Tu Amor
41%
Yendo de la cama al living No bombardeen Buenos Aires
41%
Piano Bar No se va a llamar mi amor
41%
Tango Pasajera en trance
41%
Piano Bar Tuve tu amor
41%
Yendo de la cama al living Yo no quiero volverme tan loco
41%
Random La Máquina De Ser Feliz
38%
Piano Bar Rap del exilio
38%
Piano Bar Canción para mi muerte
36%
Parte de la religión El Karma De Vivir Al Sur
36%
Filosofía barata y zapatos de goma Himno Nacional Argentino
36%
Parte de la religión La Ruta Del Tentempié
36%
Yendo de la cama al living Peluca telefónica
36%
Yendo de la cama al living Canción de dos por tres
33%
Filosofía barata y zapatos de goma Reloj De Plastilina
33%
La Lógica Del Escorpión Rompela
33%
Tango 4 Vampiro
33%
Filosofía barata y zapatos de goma Gato De Metal
31%
Piano Bar No te animás a despegar
31%
Yendo de la cama al living Vos también estabas verde
31%
Tango Ángeles y predicadores
28%
Cómo conseguir chicas Anhedonia
28%
Say No More Cuchillos
28%
La hija de la lágrima La Sal No Sala
28%
Tango 4 Mientes
28%
Filosofía barata y zapatos de goma Curitas
26%
Parte de la religión Ella Adivinó
26%
Random Ella Es Tan Kubrick
26%
Cómo conseguir chicas Fantasy
26%
Cómo conseguir chicas No Me Veras En El Subte
26%
Cómo conseguir chicas Suicida
26%
Pubis Angelical Todos Los Pubis Juntos
26%
Pubis Angelical Transatlántico Art Deco
26%
Influencia Tu Vicio
26%
Influencia Tu Vicio (Gospel)
26%
Parte de la religión Adela En El Carrousell
23%
Cómo conseguir chicas Ella Es Bailarina
23%
Random Lluvia
23%
Filosofía barata y zapatos de goma Me Siento Mucho Mejor
23%
Cómo conseguir chicas No Toquen
23%
Tango 4 Solo Dios Sabe
23%
Cómo conseguir chicas Zocacola
23%
La Lógica Del Escorpión La Medicina Nº 9
21%
La hija de la lágrima Víctima
21%
La Lógica Del Escorpión Yo Ya Sé
21%
Rock And Roll Yo Asesíname
18%
Pubis Angelical Caspa De Estrellas
18%
La Lógica Del Escorpión El Club De Los 27
18%
Say No More Estaba En Llamas Cuando Me Acosté
18%
Influencia Influenza
18%
El aguante Kill My Mother
18%
La Lógica Del Escorpión La Pelicana Y El Androide
18%
La Lógica Del Escorpión Rock And Roll Star
18%
La hija de la lágrima Calle [Taxi]
15%
Tango Culpable eternamente
15%
La hija de la lágrima Fax U
15%
Tango Gramercy Park Hotel
15%
Influencia | Tango 4 Happy And Real
15%
Kill Gil Happy and Real
15%
Influencia I'm Not In Love
15%
Influencia I'm Not In Love (Acústico)
15%
Influencia I'm Not In Love (Remix)
15%
Random Otro
15%
Random Rivalidad
15%
Tango 4 Rompan Todo
15%
Cómo conseguir chicas Shisyastawuman
15%
La Lógica Del Escorpión Te Recuerdo Invierno
15%
La Lógica Del Escorpión Watching The Wheels
15%
Tango 4 30 Denarios
13%
Say No More A1
13%
Say No More Alguien En El Mundo Piensa En Mí
13%
Cómo conseguir chicas A Punto De Caer
13%
Tango 4 Cucamonga Dance
13%
Pubis Angelical Despertar de mambo
13%
Influencia El Amor Espera
13%
La hija de la lágrima Kurosawa
13%
Filosofía barata y zapatos de goma La Canción Del Indeciso
13%
Pubis Angelical Monóculo Fantástico
13%
Random Mundo B
13%
Filosofía barata y zapatos de goma No Te Mueras En Mi Casa
13%
Pubis Angelical Operación Densa
13%
La hija de la lágrima Overture
13%
Influencia Película Sordomuda
13%
Random Primavera
13%
Pubis Angelical Rejas Electrificadas
13%
Filosofía barata y zapatos de goma Sólo Un Poquito No Más
13%
La Lógica Del Escorpión América
10%
Random Believe
10%
Kill Gil Break It Up
10%
Tango 4 Diana
10%
Rock And Roll Yo Dileando Con Un Alma
10%
Influencia Encuentro Con El Diablo
10%
La Lógica Del Escorpión Estrellas Al Caer
10%
La hija de la lágrima James Brown
10%
Tango La gente es la misma
10%
Tango 4 Mala Señal
10%
Influencia Mi Nena
10%
El aguante Pedro Trabaja En El Cine
10%
Random Spector
10%
Kill Gil Telepáticamente
10%
Pubis Angelical All I Do The Whole Night Through
8%
Random Amigos De Dios
8%
La hija de la lágrima Andan (Complete)
8%
La hija de la lágrima Andan (Excerpt)
8%
La hija de la lágrima Atlantis
8%
La hija de la lágrima Atlantis (Parte II)
8%
La Lógica Del Escorpión Autofemicidio
8%
Say No More Canciones De Jirafas
8%
Say No More Constant Concept
8%
Pubis Angelical Crimen, Divina, Productor
8%
Influencia Demasiado Ego (One To One)
8%
Pubis Angelical Futuro Pobre
8%
La hija de la lágrima Interludio de la lágrima
8%
La hija de la lágrima Jaco Y Chofi
8%
La Lógica Del Escorpión Juan Represión
8%
Say No More La Vanguardia Es Así
8%
La hija de la lágrima Locomotion
8%
La hija de la lágrima Love Is Love
8%
Say No More Necesito Un Gol
8%
Say No More Podrías Entender
8%
Rock And Roll Yo Rehén
8%
Pubis Angelical Sereno Fantástico
8%
Filosofía barata y zapatos de goma Siempre Puedes Olvidar
8%
El aguante Uno A Uno
8%
Rock And Roll Yo Asesíname Stone
5%
Say No More Casa Vacía
5%
Kill Gil Corazón de hormigón
5%
El aguante Correte Beethoven
5%
Rock And Roll Yo Cretino
5%
El aguante Dos Edificios Dorados
5%
Kill Gil In the City that Never Sleeps
5%
La hija de la lágrima Intraterreno
5%
Say No More Intuición
5%
Kill Gil King Kong
5%
La hija de la lágrima Lament
5%
El aguante Lo Que Ves Es Lo Que Hay (Todo El Mundo Quiere Olvidar)
5%
Kill Gil No Importa
5%
Kill Gil Pastillas
5%
Say No More Plan 9
5%
El aguante Soldado De Lata
5%
La hija de la lágrima Tema De Amor
5%
Kill Gil Transformación
5%
Say No More Vemos...
5%
Rock And Roll Yo V.S.D.
5%
La hija de la lágrima Waitin
5%
Rock And Roll Yo Wonder (Love's In Need Of Love Today)
5%
La hija de la lágrima Chiquilín
3%
Rock And Roll Yo Dealer
3%
Rock And Roll Yo Linda Bailarina
3%
Kill Gil Los Fantasmas
3%
Kill Gil Mirando Las Ruedas
3%
El aguante No Estaría Mal
3%
La hija de la lágrima No Sugar
3%
El aguante Tu Arma En El Sur
3%
La hija de la lágrima Workin' In The Morning
3%
Pubis Angelical Tribunales De Futuro Pobre
0%
No se encontraron pruebas coincidentes
Distribución de puntuación
Porcentaje de gente con cada puntuación
Porcentaje por número respondido
Historial de tus puntuaciones
No has intentado esta prueba.